00868nam a2200205 i 450000100060000000300090000600500170001500700030003200800410003508000200007608000200009610000510011624502170016726000720038430000210045665000390047770000420051671000630055885200410062132883ES-MaACL20250822151110.0t|030131s1951 sp |||| | spa d a330.15:556(042) a556:330.15(042)1 aBenjumea Burin, Rafael cConde de Guadalhorce.10aProceso evolutivo del aprovechamiento de la riqueza hidráulica de Españab: discurso leído en el acto de su recepción el día 20 / cpor Rafael Benjumea Burin y contestación de Eduardo Aunós Pérez. aMadrid : bReal Academia de Ciencias Morales y Políticas, c1951. a46 p. ; c32 cm. 4aRecursos hidráulicos-zEspaña.1 aAunós Pérez, Eduardo, d1894-19672 aReal Academia de Ciencias Morales y Políticas (España) aES-MaACLj2289-F-17 xOlim F-M-III-D